Successful Management in Developing Countries: 1. Corporate Management (Record no. 5971)

000 -LEADER
fixed length control field 00429nam a2200169Ia 4500
003 - CONTROL NUMBER IDENTIFIER
control field OSt
005 - DATE AND TIME OF LATEST TRANSACTION
control field 20250317141534.0
008 - FIXED-LENGTH DATA ELEMENTS--GENERAL INFORMATION
fixed length control field 201214s9999 xx 000 0 und d
040 ## - CATALOGING SOURCE
Transcribing agency IMU Kolkata
100 ## - MAIN ENTRY--PERSONAL NAME
Personal name Foster, Douglas W.
9 (RLIN) 5842
245 #0 - TITLE STATEMENT
Title Successful Management in Developing Countries: 1. Corporate Management
260 ## - PUBLICATION, DISTRIBUTION, ETC.
Place of publication, distribution, etc. New Delhi
Name of publisher, distributor, etc. Orient Longman
Date of publication, distribution, etc. 1983
300 ## - PHYSICAL DESCRIPTION
Extent 101
942 ## - ADDED ENTRY ELEMENTS (KOHA)
Koha item type Books
Source of classification or shelving scheme
Holdings
Withdrawn status Lost status Damaged status Not for loan Permanent Location Date acquired Date last seen Price effective from Koha item type Full call number Barcode
        IMU Kolkata 2020-12-14 2020-12-14 2020-12-14 Books    
          2020-12-14 2020-12-14 2020-12-14 Books 658.0091724 F7541  
          2020-12-14 2020-12-14 2020-12-14 Books   PM00938
Designed and Maintained by IMU-KC Library, Kolkata Campus © Copyright All Rights Reserved

webs counters

Powered by Koha